Normal view MARC view
  • Barzun, Jacques

Entry Personal Name

Number of records used in: 3

001 - CONTROL NUMBER

  • control field: 93911

003 - CONTROL NUMBER IDENTIFIER

  • control field: NUST

005 - DATE AND TIME OF LATEST TRANSACTION

  • control field: 20220719185525.0

008 - FIXED-LENGTH DATA ELEMENTS

  • fixed length control field: 220719|| aca||aabn | a|a d

040 ## - CATALOGING SOURCE

  • Original cataloging agency: NUST
  • Transcribing agency: NUST

100 ## - HEADING--PERSONAL NAME

  • Personal name: Barzun, Jacques

670 ## - SOURCE DATA FOUND

  • Source citation: Work cat.: (NUST)176765: Barzun, Jacques,, The modern researcher /, 2003
© 2023 Central Library, National University of Sciences and Technology. All Rights Reserved.